1952 1540 1297 1404 1994 1380 1234 1179 1099 1917 1560 1872 1783 1185 1098 1445 1558 1388 1822 1169 1579 1533 1523 1438 1629 1625 1298 1076 1467 1002 1432 1617 1431 1846 1798 1067 1564 1191 1313 1710 1985 1130 1830 1365 1467 1864 1814 1889 1485 1498 1749 1660 1166 1400 1480 1421 1444 1748 1757 1571 1479 1121 1914 1538 1745 1682 1602 1807 1192 1247 1317 1136 1218 1034 1997 1198 1038 1768 1330 1351 1342 1569 1374 1711 1584 1239 1626 1662 1260 1820 1302 1732 1337 1293 1806 1743 1678 1090 1687 BCNSPRNW ULIB Ver.6.0+V

เปลี่ยนเป็นภาษาไทย

Change to English
 แสดงรายละเอียดบรรณานุกรม
  กลับหน้าหลัก

Brief Record : Get Marc (ISO 2709) : E-mail record : QR code < ปิดหน้าต่าง
LEADER : 00000nam 2200000uu 4500
001    13399114372
003     ULIB
008    120326s||||||||th 000 0 tha d
020    ^a9744511494
060 04 ^aWM105^bจ631ส
100 0  ^aจุฑารัตน์ สถิรปัญญา
245 10 ^aสุขภาพจิต =^bMental health /^cจุฑารัตน์ สถิรปัญญา
246 31 ^aMental health
250    ^aพิมพ์ครั้งที่ 3
260    ^aสงขลา :^bสาขาสาธารณสุขศาสตร์ คณะวิทยาการสุขภาพและการกีฬา
300    ^a194 หน้า :^bภาพประกอบ ;^c26 ซม.
500    ^aSend to Single Search
650  4 ^aสุขภาพจิต
710 2  ^aมหาวิทยาลัยทักษิณ. ^bคณะวิทยาการสุขภาพและการกีฬา.
945    ^p265^l0^i031463
945    ^p265^l0^i031462
945    ^p265^l0^i031461
945    ^p265^l0^i031464
945    ^p265^l0^i031465
945    ^p265^l0^i031466
995    ^aเกษร
999    ^aใช้งานได้ทุกระบบ
รายการนี้ยังไม่มีแท็ก
คุณยังไม่ได้ล็อกอิน คุณสามารถมีกิจกรรมร่วมกับเว็บไซต์ได้ แต่ต้องล็อกอินก่อน ::
  ล็อกอิน

รายการสื่อสารสนเทศ

ลำดับที่ ประเภท เลขเรียก/บาร์โค้ด สถานที่ สถานะ
1. วิทยาศาสตร์การแพทย์ และสุขภาพ
หนังสือสำรอง
สถานะ=หนังสือสำรอง
WM105 จ631ส ฉ.1 
  Barcode: 031461
ห้องสมุดวิทยาเขตสวรรค์ประชารักษ์
►ส่วนจัดเก็บหนังสือเก่า สปร
บนชั้น
  ขอยืม
2. วิทยาศาสตร์การแพทย์ และสุขภาพ
วิทยาศาสตร์การแพทย์ และสุขภาพ
WM105 จ631ส ฉ.2 
  Barcode: 031462
ห้องสมุดวิทยาเขตสวรรค์ประชารักษ์
►ส่วนจัดเก็บหนังสือเก่า สปร
บนชั้น
  ขอยืม
3. วิทยาศาสตร์การแพทย์ และสุขภาพ
วิทยาศาสตร์การแพทย์ และสุขภาพ
WM105 จ631ส ฉ.3 
  Barcode: 031463
ห้องสมุดวิทยาเขตสวรรค์ประชารักษ์
►ส่วนจัดเก็บหนังสือเก่า สปร
บนชั้น
  ขอยืม
4. วิทยาศาสตร์การแพทย์ และสุขภาพ
วิทยาศาสตร์การแพทย์ และสุขภาพ
WM105 จ631ส ฉ.4 
  Barcode: 031464
ห้องสมุดวิทยาเขตสวรรค์ประชารักษ์
►ส่วนจัดเก็บหนังสือเก่า สปร
บนชั้น
  ขอยืม
5. วิทยาศาสตร์การแพทย์ และสุขภาพ
วิทยาศาสตร์การแพทย์ และสุขภาพ
WM105 จ631ส ฉ.5 
  Barcode: 031465
ห้องสมุดวิทยาเขตสวรรค์ประชารักษ์
►ส่วนจัดเก็บหนังสือเก่า สปร
บนชั้น
  ขอยืม
6. วิทยาศาสตร์การแพทย์ และสุขภาพ
วิทยาศาสตร์การแพทย์ และสุขภาพ
WM105 จ631ส ฉ.6 
  Barcode: 031466
ห้องสมุดวิทยาเขตสวรรค์ประชารักษ์
►ส่วนจัดเก็บหนังสือเก่า สปร
บนชั้น
  ขอยืม

รายการใกล้เคียง
    ผู้แต่ง [จุฑารัตน์ สถิรปัญญา]

    หัวเรื่อง [สุขภาพจิต]

BibComment


ยังไม่เคยถูกคอมเมนท์

คอมเมนท์ทรัพยากรรายการนี้
  คอมเมนท์: สุขภาพจิต Menta..


 Copyright 2026. Bcnsprnw @Library